000 00488nam a2200181 a 4500
001 27221
005 20200117095021.0
008 140415s1995 000 0 spa d
020 _a9682452686
041 _aspa
082 _a153.699
_bSAN
100 1 _aA., SÁNCHEZ, MARGARITA
245 1 0 _aDESARROLLO DE HABILIDADES DEL PENSAMIENTO :
_bPROCEOS BASICOS DEL PROCESAMIENTO
250 _a2° EDICIÓN
260 _a[s.l.] :
_bTRILLAS,
_c1995
300 _a209
_c21 x 1 x 27
520 _aCG
999 _c27221
_d27221